000 00377nam a2200133 i 4500
001 bg
100 1 _aCzechowska, Leokadia.
245 0 _aHistoria geomorfologii w Polsce w latach 1840-1939 na tle rozwoju geomorfologii światowej /
_cL. Czechowska.
260 _aPoznań,
_c1969.
040 _cBPK
041 _apol
942 _cKS
008 s pl f |000 0 pol
999 _c10472
_d10472
856 _uhttp://koha.tu.koszalin.pl/cgi-bin/koha/opac-detail.pl?biblionumber=10472
_yKatalog online BPK